000
002900000a22000970004500
100
1
_a
Eslinger, Lyle (1953- )
245
1
0
_a
The infinite in a finite organical perception (Isaiah 6:1-5)
300
_a
Vol. 45, Num. 2 (Abril, 1995), Páginas 145-173
773
0
_t
Vetus Testamentum
942
_c
ANA
999
_c
57988
_d
57988